Poesía completa (Registro nro. 135466)

Detalles MARC
000 -LEADER
campo de control de longitud fija 01082nam a2200265 i 4500
001 - NÚMERO DE CONTROL
campo de control 135466
003 - IDENTIFICADOR DE NÚMERO DE CONTROL
campo de control ES-MaACL
005 - FECHA Y HORA DE LA ÚLTIMA TRANSACCIÓN
campo de control 20240409175937.0
007 - CAMPO FIJO DE DESCRIPCIÓN FÍSICA--INFORMACIÓN GENERAL
campo de control de longitud fija t|
008 - DATOS DE LONGITUD FIJA--INFORMACIÓN GENERAL
campo de control de longitud fija 070718s1984 sp |||| |dspa d
080 ## - NÚMERO DE LA CLASIFICACIÓN DECIMAL UNIVERSAL
Número de la Clasificación Decimal Universal 821.134.2-14"15"
080 ## - NÚMERO DE LA CLASIFICACIÓN DECIMAL UNIVERSAL
Número de la Clasificación Decimal Universal 821.134.2 Torre, Fco. de la (ca. 1534.-ca. 1594) 1.07
100 1# - ENTRADA PRINCIPAL--NOMBRE DE PERSONA
Nombre de persona Torre, Francisco de la (
Fechas asociadas al nombre ca. 1534-ca. 1594)
9 (RLIN) 158877
245 10 - MENCIÓN DEL TÍTULO
Título Poesía completa
Resto del título : seguida de Traducciones de Horacio y de Petrarca, del Maestro Sánchez Brocense, Fray Luis de León, de Juan Almeida y Alonso de Espinosa /
Mención de responsabilidad, etc. Francisco de la Torre ; edición de Mª Luisa Cerrón Puga.
246 30 - FORMA VARIANTE DEL TITULO
Título propio/Titulo breve Traducciones de Horacio y de Petrarca, del Maestro Sánchez Brocense, Fray Luis de León, de Juan Almeida y Alonso de Espinosa
260 ## - PUBLICACIÓN, DISTRIBUCIÓN, ETC.
Lugar de publicación, distribución, etc. Madrid :
Nombre del editor, distribuidor, etc. Cátedra,
Fecha de publicación, distribución, etc. [1984]
300 ## - DESCRIPCIÓN FÍSICA
Extensión 321 p. ;
Dimensiones 18 cm.
490 1# - MENCIÓN DE SERIE
Mención de serie Letras hispánicas ;
Designación de volumen o secuencia 207
500 ## - NOTA GENERAL
Nota general Índices.
700 1# - ENTRADA AGREGADA--NOMBRE PERSONAL
Nombre de persona Cerrón Puga, María Luisa.
9 (RLIN) 37575
830 00 - PUNTO DE ACCESO ADICIONAL DE SERIE-TÍTULO UNIFORME
Título uniforme Letras hispánicas ;
Designación de volumen o secuencia 207
9 (RLIN) 235703
852 ## - LOCALIZACIÓN
Ubicación ES-MaACL
Número de control de estantería L-7932
942 ## - ELEMENTOS DE ENTRADA SECUNDARIOS (KOHA)
Fuente del sistema de clasificación o colocación Clasificación decimal universal
Existencias
Estatus retirado Estado de pérdida Estado de daño No para préstamo Biblioteca de origen Biblioteca actual Ubicación en estantería Fecha de adquisición Fuente de adquisición Total de préstamos Signatura topográfica completa Código de barras Visto por última vez Precio de reemplazo Tipo de ítem Koha
        Biblioteca del Ateneo de Madrid Biblioteca del Ateneo de Madrid Depósito 2 17/01/2008     L-7932 1140993 23/02/2023 23/02/2023 Libro impreso